Irgendwo in der Welt

Titel: Irgendwo in der Welt : ausgewählte Gedichte / Clemens Conrad Rössler. Bidegast-Vereinigung e.V. Wilhelmshaven
Verfasser:
Veröffentlicht: Wilhelmshaven : Bidegast-Vereinigung, 1973
Umfang: 63 S. ; 21 cm
Format: Buch
Sprache: Deutsch
Kein Bild verfügbar
X
Lokale Klassifikation: 34 10 F ; 3 10 F
alg: 7676740
001A    $06000:07-07-99 
001B    $01999:12-05-23 $t22:31:12.000 
001C    $03004:08-09-06 $t11:49:54.000 
001D    $09999:99-99-99 
001U    $0utf8 
001X    $00 
002@    $0Aaxaf 
003@    $007676740X 
003O    $0174443500 $aOCoLC 
004A    $fengl. brosch. : DM 7.00 
006G    $0800680618 
006U    $080,B06,0352 
007A    $0800680618 $aDNB 
007G    $0DE0206DD637AF6EE3AA11C1257F6400430074 
009P    $qapplication/pdf $A2 $3Inhaltsverzeichnis $uhttp://scans.hebis.de/HEBCGI/show.pl?07676740_toc.pdf $mV:DE-603;B:DE-Mb50 
010@    $ager 
011@    $a1973 $n1973 
015@    $00 
021A    $aIrgendwo in der Welt $dausgewählte Gedichte $hClemens Conrad Rössler. Bidegast-Vereinigung e.V. Wilhelmshaven 
028A    $7 $8Rössler, Clemens Conrad [Tnd] $9143784536 
033A    $pWilhelmshaven $nBidegast-Vereinigung 
034D    $a63 S. 
034I    $a21 cm 
045E    $b08a 
045F    $a800 $eDDC23BSB 
045F/01 $a800 
045F/03 $g43849 
045F/03 $g43 

lok: 7676740 24
101B    $019-09-06 $t15:47:13.000 
101C    $019-09-06 
145Z/01 $a34 10 F 
145Z/02 $a3 10 F 
101U    $0utf8 

exp: 7676740 24 1 #EPN
201B/01 $019-09-06 $t15:47:13.000 
201C/01 $008-09-06 
203@/01 $045287761X 
208@/01 $a19-09-06 $bz 
209A/01 $a06.4078 $du $f050 $h06 4078 $x00 
209C/01 $a06.4078 G $h06 4078 G 
209G/01 $a71550095 $x00 
220C/01 $agro 
247C/01 $8358050-7 Marburg, Bibliothek des Herder-Instituts Marburg $9102600961 
201U/01 $0utf8
LEADER 00000cam a22000002c 4500
001 07676740X
003 DE-603
005 20230512223112.0
007 tu
008 990707s1973 xx |||| | u00||u|ger
015 |a 80,B06,0352  |2 dnb 
016 7 |2 DE-101  |a 800680618 
035 |a (DE-599)DNB800680618 
035 |a (OCoLC)174443500 
040 |a DE-603  |b ger  |c DE-603  |d DE-603 
041 |a ger 
082 0 4 |8 1\u  |a 800  |q DE-101  |2 23/BSB 
084 |a 08a  |q DE-101  |2 sdnb 
085 |8 1\u  |b 800 
085 |8 1\u  |z 2  |s 43849 
085 |8 1\u  |z 2  |s 43 
100 1 |a Rössler, Clemens Conrad  |0 (DE-603)143784536 
245 0 0 |a Irgendwo in der Welt  |b ausgewählte Gedichte  |c Clemens Conrad Rössler. Bidegast-Vereinigung e.V. Wilhelmshaven 
264 1 |a Wilhelmshaven  |b Bidegast-Vereinigung  |c 1973 
300 |a 63 S.  |c 21 cm 
856 4 2 |m V:DE-603;B:DE-Mb50  |q application/pdf  |u http://scans.hebis.de/HEBCGI/show.pl?07676740_toc.pdf  |3 Inhaltsverzeichnis 
924 0 |9 Mb 50  |a (DE-603)45287761X  |b DE-Mb50  |c HES  |d c  |g 06.4078